Integrated weed management in rubber (Hevea brasiliensis) (Record no. 52451)

MARC details
000 -LEADER
fixed length control field 00622nam a2200169Ia 4500
100 ## - MAIN ENTRY--AUTHOR NAME
Personal name George S.
245 #0 - TITLE STATEMENT
Title Integrated weed management in rubber (Hevea brasiliensis)
260 ## - PUBLICATION, DISTRIBUTION, ETC. (IMPRINT)
Name of publisher Proceedings of the Second International Agronomy Congress on Balancing Food and Environmental Security: A Continuing Challenge. V 2. Extended Summaries, 26-30 November 2002, New Delhi, India, pp. 1210-1212
Year of publication 2002
650 ## - SUBJECT ADDED ENTRY--TOPICAL TERM
Topical Term Herbicide
650 ## - SUBJECT ADDED ENTRY--TOPICAL TERM
Topical Term Weed control
700 ## - ADDED ENTRY--PERSONAL NAME
Personal name Jessy M.D.
700 ## - ADDED ENTRY--PERSONAL NAME
Personal name Joseph K.[a]
700 ## - ADDED ENTRY--PERSONAL NAME
Personal name Philip V.
700 ## - ADDED ENTRY--PERSONAL NAME
Personal name Punnoose K.I.
942 ## - ADDED ENTRY ELEMENTS (KOHA)
Koha item type Bibliography STAF
Holdings
Withdrawn status Lost status Damaged status Not for loan Home library Current library Date acquired Koha item type
      Bibliography RRII Library RRII Library 09/04/2014 Bibliography STAF